书目信息 |
| 题名: |
女皇武则天
|
|
| 作者: | 吴江 著 ;何君 主编 | |
| 分册: | ||
| 出版信息: | 北京 中国长安出版社 2006 |
|
| 页数: | 230页 | |
| 开本: | 24cm | |
| 丛书名: | ||
| 单 册: | ||
| 中图分类: | K827=42 | |
| 科图分类: | ||
| 主题词: | ||
| 电子资源: | ||
| ISBN: | 978-7-80175-550-6 | |
| 000 | 00750nam0 2200265 450 | |
| 000 | 00756nam0 2200265 450 | |
| 000 | 00686nam0 2200241 450 | |
| 000 | 00650nam0 2200229 45 | |
| 005 | 20070518182714.23 | |
| 010 | @a978-7-80175-550-6@dCNY26.00 | |
| 100 | @a20070129d2006 em y0chiy0120 ea | |
| 101 | 0 | @achi |
| 102 | @aCN@b110000 | |
| 105 | @ay z 000yy | |
| 200 | 1 | @a女皇武则天@anv huang wu ze tian@f何君主编,吴江著 |
| 210 | @a北京@c中国长安出版社@d2006 | |
| 215 | @a230页@d24cm | |
| 300 | @a实事求是说帝王 | |
| 600 | 1 | @a武则天@f(624-705)@x评传 |
| 600 | 1 | @a武则天@f(624-705) |
| 690 | @aK827=42@v4 | |
| 701 | 0 | @a吴江@Awu jiang@4著 |
| 702 | 0 | @a何君@Ahe jun@4主编 |
| 801 | 0 | @aCN@bTAOJIN@c20070518 |
| 905 | @a10447@dK827=42@e412 | |
| 女皇武则天;nv huang wu ze tian/何君主编,吴江著.-北京:中国长安出版社,2006 |
| 230页;24cm |
| 实事求是说帝王 |
| ISBN 978-7-80175-550-6:CNY26.00 |
| ● |
| 相关链接 |
|
|
|
|
正题名:女皇武则天
索取号:K827=42/412
 
预约/预借
| 序号 | 登录号 | 条形码 | 馆藏地/架位号 | 状态 | 备注 |
| 1 | 0521865 | 205218655 | 第二样本阅览室/ [索取号:K827=42/412] | 在馆 | |
| 2 | 0521866 | 205218664 | 第二借阅区/ [索取号:K827=42/412] | 在馆 | |
| 3 | 0521867 | 205218673 | 第二借阅区/ [索取号:K827=42/412] | 在馆 | |
| 4 | 0521868 | 205218682 | 第二借阅区/ [索取号:K827=42/412] | 在馆 | |
| 5 | 0521869 | 205218691 | 第二借阅区/ [索取号:K827=42/412] | 在馆 | |
| 6 | 0521870 | 205218708 | 第二借阅区/ [索取号:K827=42/412] | 在馆 | |
| 7 | 0521871 | 205218717 | 第二借阅区/ [索取号:K827=42/412] | 在馆 | |
| 8 | 0521872 | 205218726 | 第二借阅区/ [索取号:K827=42/412] | 在馆 |